000 00322 a2200133 4500
001 150930
040 _cEscola São Tomás de Aquino
100 _aROCHA, Ruth
240 1 0 _aUma história com mil macacos
_lpor
245 1 0 _aUma história com mil macacos
362 0 _a1996
697 _a*LITERATURA INFANTO
942 _cBK
999 _c150930
_d150930